UBT Library

Child and adolescent psychiatry, mental retardation, and geriatric psychiatry / (Record no. 42134)

000 -LEADER
fixed length control field 00688pam a2200229 a 4500
001 - CONTROL NUMBER
control field 3331671
005 - DATE AND TIME OF LATEST TRANSACTION
control field 20180208070004.0
008 - FIXED-LENGTH DATA ELEMENTS--GENERAL INFORMATION
fixed length control field 850321s1985 nyua b 101 0 eng c
010 ## - LIBRARY OF CONGRESS CONTROL NUMBER
LC control number 85006376
020 ## - INTERNATIONAL STANDARD BOOK NUMBER
International Standard Book Number 0306416050
040 ## - CATALOGING SOURCE
Original cataloging agency DNLM/DLC
Transcribing agency DLC
Modifying agency DLC
041 ## - LANGUAGE CODE
Language code of text/sound track or separate title eng
060 ## - NATIONAL LIBRARY OF MEDICINE CALL NUMBER
Classification number W1 WO5385 7th 1983c
-- WM 100 W9238 1983c
080 ## - UNIVERSAL DECIMAL CLASSIFICATION NUMBER
Universal Decimal Classification number 616.89 pic
082 00 - DEWEY DECIMAL CLASSIFICATION NUMBER
Classification number 616.89 pic
Edition number 19
100 ## - Rafti
Rafti 48
101 ## - Shkurtesa
Shkurtesa psi
245 10 - TITLE STATEMENT
Title Child and adolescent psychiatry, mental retardation, and geriatric psychiatry /
Statement of responsibility, etc edited by P. Pichot ... [et al.].
504 ## - BIBLIOGRAPHY, ETC. NOTE
Bibliography, etc Includes bibliographies and indexes.
906 ## - LOCAL DATA ELEMENT F, LDF (RLIN)
a 7
b cbc
c orignew
d 1
e ocip
f 19
g y-gencatlg
942 ## - ADDED ENTRY ELEMENTS (KOHA)
Source of classification or shelving scheme
Item type Books
Holdings
Withdrawn status Lost status Source of classification or shelving scheme Damaged status Not for loan Collection code Permanent location Current location Shelving location Date acquired Total Checkouts Full call number Barcode Date last seen Price effective from Koha item type
          Koleksioni i përgjithshem UBT - Lipjan UBT - Lipjan Koleksioni i përgjithshem 02/08/2018   616.89 pic 002-2998636 02/08/2018 02/08/2018 Books
UBT Library © 2015-2024. All rights reserved University Education for Business and Technology